000 00931nam a2200241 a 4500
001 47118
003 BD-RjUL
005 20211209054249.0
008 160807s1988 bg ||||| |||| 00| 0 eng d
020 _a8170661323
_c: Tk.15.00
035 _a(BD-RjUL)47237
040 _aBD-RjUL
_bben
_cBD-RjUL
041 _aben
082 _223
_a338.10954
_bDAI 1988
100 1 _aদত্ত, অম্লান
_9119885
245 1 _aশতাব্দীর প্রেক্ষিতে ভারতের আর্থিক বিকাশ /
_cঅম্লান দত্ত.
300 _a৯৬ পৃ. ;
_c২১ সেমি.
490 _aঅথনীতি গ্রন্থমালা ৬ সিরিজ
504 _aনির্ঘণ্ট সংযুক্ত
650 _aঅর্থনৈতিক প্রবৃদ্ধি
_zভারত
_9143489
650 _aeconomic growth
_zIndia
_9143490
942 _2ddc
_cBK
999 _c47118
_d47118